000 00480nam a2200169Ia 4500
003 GCL
008 140319s9999 xx 000 0 ara d
040 _aGCL /
_cGCL
082 0 4 _a891.7
_bل ت
100 1 _aلافرين، يانكو
245 1 0 _aتصريف بالرواية الروسية /
_cلافرين، يانكو
300 _a260 ص
490 _aالالف كتاب
_v0
650 0 4 _aالادب الروسى
650 0 4 _aالقصص الروسية
942 _2ddc
_cBK
999 _c44819
_d44819